Fortran 95/2003 Explained (Record no. 333728)

MARC details
000 -LEADER
fixed length control field 00458nam a2200169Ia 4500
008 - FIXED-LENGTH DATA ELEMENTS--GENERAL INFORMATION
fixed length control field 230718s9999 xx 000 0 und d
020 ## - INTERNATIONAL STANDARD BOOK NUMBER
International Standard Book Number 9780198526933
041 ## - LANGUAGE CODE
Language code of text/sound track or separate title eng
082 ## - DEWEY DECIMAL CLASSIFICATION NUMBER
Classification number 005.13'3
Item number MET
100 ## - MAIN ENTRY--PERSONAL NAME
Personal name Metcalf M.
9 (RLIN) 159718
245 ## - TITLE STATEMENT
Title Fortran 95/2003 Explained
260 ## - PUBLICATION, DISTRIBUTION, ETC. (IMPRINT)
Date of publication, distribution, etc. 2010
Name of publisher, distributor, etc. Oxford
300 ## - PHYSICAL DESCRIPTION
Extent 416
Accompanying material [OBSOLETE, CAN/MARC] Ref 88 IT (44935)
365 ## - TRADE PRICE
Currency code Rs.
Price amount 4493.00
700 ## - ADDED ENTRY--PERSONAL NAME
Personal name Metcalf M.; Reid J. & Cohen M.
906 ## - LOCAL DATA ELEMENT F, LDF (RLIN)
d B:428110-Oct-2013
c IT
b 1123.25
Holdings
Withdrawn status Lost status Source of classification or shelving scheme Reference No Damaged status Not for loan Home library Current library Date acquired Vendor Budget Code Cost, normal purchase price Bill number Full call number Barcode Date last seen Discount Cost, replacement price Bill Date Koha item type Original Barcode
    Dewey Decimal Classification Ref 88 IT (44935)   Reference Cummins College of Engineering for Women Pune Cummins College of Engineering for Women Pune 14/10/2013 Technical Book Services IT 3369.75 4281 005.13'3 CCEP-BK-44935 18/07/2023 1123.25 4493.00 10/10/2013 Books 044935